000 00655nam a2200181Ia 4500
008 100920s9999 xx 000 0 und d
082 _b99301
_a891.43 न 04
100 _aअग्रवाल विजय.
245 _aसमय आपकी मुठ्रठी में.
260 _bइंद्रा पब्लिशिंग हाऊस,भोपाळ.
_c2004
300 _a286
_bसाधी
365 _b150
520 _aहिंदी.
630 _aसमय आपकी मुठ्रठी में.
650 _aहिंदी.
730 _aसमय आपकी मुठ्रठी में.
942 _cBOOK
999 _c739739
_d739736